Top Peanut Consuming Countries - Statistics

General Stats
  • This quiz has been taken 50 times
  • The average score is 7 of 10
Answer Stats
Consumption (MT) Countries % Correct
17,371,242 China
97%
5,627,940 India
95%
329,803 Brazil
76%
1,310,520 Indonesia
76%
203,355 Mexico
71%
95,797 Canada
66%
669,618 Vietnam
58%
3,000,000 Nigeria
55%
136,168 South Africa
42%
2,313,684 United States
37%
No matching quizzes found
Score Distribution
Percent of People with Each Score
Percentile by Number Answered
Your Score History
You have not taken this quiz